Meliorační a zpevňující dřeviny : přínos nebo ztráta pro lesní hospodářství? = Ameliorative and stabilizing tree species : an improvement or load for the forestry sector? : sborník referátů : [Kostelec nad Černými lesy : 2. června 2005] /

Korporativní autor: Česká zemědělská univerzita v Praze. Katedra pěstování lesů
Další autoři: Meliorační a zpevňující dřeviny (konference), Neuhöferová, Pavla, 1965-
Jazyk: Slovenština
Čeština
Vydáno: Praha : Česká zemědělská univerzita v Praze, Fakulta lesnická a environmentální, Katedra pěstování lesů ve spolupráci s nakl. a vydavatelstvím Lesnická práce, 2005
Vydání: Vyd. 1.
Témata:
Externí odkaz: Digitalizovaný dokument
Fyzický popis: 151 s. : il. ; 30 cm
Language note: Část. slovenský text, anglická resumé
Knihy
Uloženo v:
LEADER 02477nam a2200517 a 4500
001 nkc20051533829
003 CZ PrNK
005 20060221130331.0
007 ta
008 050506s2005 xr a f 100 0 cze
015 |a cnb001533829 
020 |a 80-213-1332-3  |q (Česká zemědělská univerzita ;  |q brož.) 
035 |a (OCoLC)85153349 
040 |a BOA001  |b cze 
041 0 |a cze  |a slo  |b eng 
072 7 |a 630  |x Lesnictví  |2 Konspekt  |9 24 
080 |a 630  |2 MRF 
080 |a 630.237  |2 MRF 
080 |a 582.09/.093:626.8  |2 MRF 
080 |a (062.534)  |2 MRF 
111 2 |a Meliorační a zpevňující dřeviny (konference)  |d (2005 :  |c Kostelec nad Černými lesy, Česko)  |7 kn20060125001 
245 1 0 |a Meliorační a zpevňující dřeviny :  |b přínos nebo ztráta pro lesní hospodářství? = Ameliorative and stabilizing tree species : an improvement or load for the forestry sector? : sborník referátů : [Kostelec nad Černými lesy : 2. června 2005] /  |c Česká zemědělská univerzita v Praze, Fakulta lesnická a environmentální, katedra pěstování lesů ; Pavla Neuhöferová (ed.) 
246 3 1 |a Ameliorative and stabilizing tree species 
250 |a Vyd. 1. 
260 |a Praha :  |b Česká zemědělská univerzita v Praze, Fakulta lesnická a environmentální, Katedra pěstování lesů ve spolupráci s nakl. a vydavatelstvím Lesnická práce,  |c 2005 
300 |a 151 s. :  |b il. ;  |c 30 cm 
500 |a 70 výt. 
504 |a Obsahuje bibliografie 
546 |a Část. slovenský text, anglická resumé 
650 0 7 |a lesní hospodářství  |7 ph115114  |2 czenas 
650 0 7 |a lesnické meliorace  |7 ph289383  |2 czenas 
650 0 7 |a meliorační dřeviny  |7 ph325842  |2 czenas 
650 0 9 |a forest management  |2 eczenas 
650 0 9 |a forest improvement  |2 eczenas 
650 0 9 |a soil-improving tree species  |2 eczenas 
655 7 |a sborníky konferencí  |7 fd133333  |2 czenas 
655 9 |a proceedings of conferences  |2 eczenas 
700 1 |a Neuhöferová, Pavla,  |d 1965-  |7 mzk2005271897  |4 edt 
710 2 |a Česká zemědělská univerzita v Praze.  |b Katedra pěstování lesů  |7 olak2009488547 
856 4 1 |u http://www.digitalniknihovna.cz/mzk/uuid/uuid:4b99f180-38df-11e4-8e0d-005056827e51  |y Digitalizovaný dokument  |x NDK 
910 2 |a BOA001  |b 4-1160.484 
928 9 |a Lesnická práce 
990 |a BK 
995 |a 01 
991 |b 200512  |c NOV 
996 6 |b 2610264014  |c 4-1160.484  |l MZK  |r Sklad / do 1 hodiny  |n 8  |p p.v.  |w 000798500  |u 000010  |a 1  |e BOA001  |j MZK50  |s P